00354 a2200109 450000500170000002000220001708200150003910000170005424500400007126000590011130000740017020250616114409.0 a978 9976 4 0441 8 a370.15 OMA aOMARI, I. M. aEducational Psychology For Teachers aMikocheni B, bOxford University Press(T) Ltd,c2006. axiii, 348p.: ill.; figure, picture, table.bIndex, references.c25cm.